Analytical concordance to the Bible : (Record no. 6376)

MARC details
000 -LEADER
fixed length control field 01844cam a2200433Ma 4500
001 - CONTROL NUMBER
control field 775117181
003 - CONTROL NUMBER IDENTIFIER
control field OCoLC
005 - DATE AND TIME OF LATEST TRANSACTION
control field 20190116184438.0
008 - FIXED-LENGTH DATA ELEMENTS--GENERAL INFORMATION
fixed length control field 760202s1983 miu di 000 0 eng d
010 ## - LIBRARY OF CONGRESS CONTROL NUMBER
LC control number 55005338
020 ## - INTERNATIONAL STANDARD BOOK NUMBER
International Standard Book Number 0802880843
020 ## - INTERNATIONAL STANDARD BOOK NUMBER
International Standard Book Number 9780802880840
020 ## - INTERNATIONAL STANDARD BOOK NUMBER
International Standard Book Number 0802880851
020 ## - INTERNATIONAL STANDARD BOOK NUMBER
International Standard Book Number 9780802880857
035 ## - SYSTEM CONTROL NUMBER
System control number (OCoLC)775117181
040 ## - CATALOGING SOURCE
Original cataloging agency HU9
Transcribing agency HU9
Modifying agency CIRBC
041 0# - LANGUAGE CODE
Language code of text/sound track or separate title enghebgrc
050 14 - LIBRARY OF CONGRESS CALL NUMBER
Classification number BS425
Item number .Y7
082 #4 - DEWEY DECIMAL CLASSIFICATION NUMBER
Classification number REF 220.5
Item number R643a
092 ## - LOCALLY ASSIGNED DEWEY CALL NUMBER (OCLC)
Classification number 220.2
Item number Y757
100 1# - MAIN ENTRY--PERSONAL NAME
Personal name Young, Robert,
Dates associated with a name 1822-1888.
245 10 - TITLE STATEMENT
Title Analytical concordance to the Bible :
Remainder of title on an entirely new plan containing about 311,000 references, subdivided under the Hebrew and Greek originals, with the literal meaning and pronunciation of each /
Statement of responsibility, etc. designed for the simplest reader of the English Bible by Robert Young ; also, index lexicons to the Old and New Testaments, being a guide to parallel passages and a complete list of scripture proper names, showing their modern pronunciation.
246 3# - VARYING FORM OF TITLE
Title proper/short title Canon of the scripture
250 ## - EDITION STATEMENT
Edition statement 22d American ed., rev. /
Remainder of edition statement by Wm. B. Stevenson ; with a supplement entitled The canon of scripture by R. K. Harrison and Everett F. Harrison.
260 ## - PUBLICATION, DISTRIBUTION, ETC.
Place of publication, distribution, etc. Grand Rapids, Mich. :
Name of publisher, distributor, etc. Eerdmans,
Date of publication, distribution, etc. [1983].
300 ## - PHYSICAL DESCRIPTION
Extent 1090, 93, 23, 20 p. ;
Dimensions 28 cm.
500 ## - GENERAL NOTE
General note Reprinted.
500 ## - GENERAL NOTE
General note Reprinted.
630 00 - SUBJECT ADDED ENTRY--UNIFORM TITLE
Uniform title Bible
General subdivision Concordances, English.
630 00 - SUBJECT ADDED ENTRY--UNIFORM TITLE
Uniform title Bible
General subdivision Antiquities.
650 #0 - SUBJECT ADDED ENTRY--TOPICAL TERM
Topical term or geographic name entry element Hebrew language
Form subdivision Dictionaries
General subdivision English.
650 #0 - SUBJECT ADDED ENTRY--TOPICAL TERM
Topical term or geographic name entry element Greek language, Biblical
Form subdivision Dictionaries
General subdivision English.
650 #0 - SUBJECT ADDED ENTRY--TOPICAL TERM
Topical term or geographic name entry element Hebrew language
Form subdivision Dictionaries
General subdivision English.
650 #0 - SUBJECT ADDED ENTRY--TOPICAL TERM
Topical term or geographic name entry element Greek language, Biblical
Form subdivision Dictionaries
General subdivision English.
651 #0 - SUBJECT ADDED ENTRY--GEOGRAPHIC NAME
Geographic name Palestine
General subdivision Antiquities.
700 1# - ADDED ENTRY--PERSONAL NAME
Personal name Harrison, R. K.
Fuller form of name (Roland Kenneth)
700 1# - ADDED ENTRY--PERSONAL NAME
Personal name Harrison, Everett Falconer,
Dates associated with a name 1902-
942 ## - ADDED ENTRY ELEMENTS (KOHA)
Source of classification or shelving scheme Dewey Decimal Classification
Koha item type Reference
Holdings
Withdrawn status Lost status Source of classification or shelving scheme Damaged status Not for loan Collection code Home library Current library Shelving location Date acquired Cost, normal purchase price Total Checkouts Full call number Barcode Date last seen Price effective from Koha item type
    Dewey Decimal Classification   Not For Loan Reference Harvest Mission College Harvest Mission College Reference 16.01.2019 5000.00   REF 220.5 R643a 007144 16.01.2019 16.01.2019 Reference

OPAC Designed and Maintained by HMC Library Team.
Copyright © HMC Library,Greater Noida, UP.
For any Suggestions/Query Contact library via Email:libhmc@gmail.com